<?xml version='1.0' encoding='UTF-8'?>
  <record xmlns="http://www.loc.gov/MARC21/slim">
    <leader>00000cam a22000007i 4500</leader>
    <controlfield tag="001">ocm65647402</controlfield>
    <controlfield tag="003">OCoLC</controlfield>
    <controlfield tag="005">20250831100026.3</controlfield>
    <controlfield tag="008">910403s1668    be            000 0 dut d</controlfield>
    <datafield tag="040" ind1=" " ind2=" ">
      <subfield code="a">NLGGC</subfield>
      <subfield code="b">dut</subfield>
      <subfield code="e">fobidrtb</subfield>
      <subfield code="c">NLGGC</subfield>
      <subfield code="d">OCLCQ</subfield>
      <subfield code="d">OCLCL</subfield>
      <subfield code="d">OCLCQ</subfield>
    </datafield>
    <datafield tag="029" ind1="0" ind2=" ">
      <subfield code="a">NLGGC</subfield>
      <subfield code="b">080625983</subfield>
    </datafield>
    <datafield tag="035" ind1=" " ind2=" ">
      <subfield code="a">(OCoLC)65647402</subfield>
    </datafield>
    <datafield tag="041" ind1="1" ind2=" ">
      <subfield code="a">dut</subfield>
      <subfield code="h">lat</subfield>
    </datafield>
    <datafield tag="082" ind1="0" ind2="4">
      <subfield code="a">232.963</subfield>
      <subfield code="q">OCoLC</subfield>
      <subfield code="1">https://id.oclc.org/worldcat/ddc/E3vgDrPHWg7ftyTrJttXVrF3JR</subfield>
    </datafield>
    <datafield tag="100" ind1="1" ind2=" ">
      <subfield code="a">Haeftenus, Benedictus.</subfield>
    </datafield>
    <datafield tag="245" ind1="1" ind2="3">
      <subfield code="a">De heyr-baene des cruys, waer-langhs alle soorten van menschen worden ghewesen, ende sekerlijck gheleert, om door de cruycen van alderhande lijden oft teghenspoedt van dese bedroefde tijdelijcke wereldt, ghemackelijck te gheraecken tot de eeuwighe vreught-saligheyt des hemels /</subfield>
      <subfield code="c">in't Latijn beschreven door ... Benedictus Haeftenus ... ; nu nieuwelinghs vertaelt, ende verciert met veel fijne figuren door P. Petrus Mallants ...</subfield>
    </datafield>
    <datafield tag="260" ind1=" " ind2=" ">
      <subfield code="a">Te Brugghe :</subfield>
      <subfield code="b">By Lucas vanden Kerchove,</subfield>
      <subfield code="c">1668.</subfield>
    </datafield>
    <datafield tag="300" ind1=" " ind2=" ">
      <subfield code="a">[16], 372 p. ;</subfield>
      <subfield code="c">19 cm.</subfield>
    </datafield>
    <datafield tag="336" ind1=" " ind2=" ">
      <subfield code="a">tekst</subfield>
      <subfield code="b">txt</subfield>
      <subfield code="2">rdacontent/dut</subfield>
    </datafield>
    <datafield tag="337" ind1=" " ind2=" ">
      <subfield code="a">zonder medium</subfield>
      <subfield code="b">n</subfield>
      <subfield code="2">rdamedia/dut</subfield>
    </datafield>
    <datafield tag="338" ind1=" " ind2=" ">
      <subfield code="a">band</subfield>
      <subfield code="b">nc</subfield>
      <subfield code="2">rdacarrier/dut</subfield>
    </datafield>
    <datafield tag="530" ind1=" " ind2=" ">
      <subfield code="a">Titel is geselecteerd voor digitalisering voor Maastricht University Library in het kader van het Google Books-project.</subfield>
    </datafield>
    <datafield tag="700" ind1="1" ind2=" ">
      <subfield code="a">Mallants, Petrus.</subfield>
    </datafield>
    <datafield tag="765" ind1="0" ind2=" ">
      <subfield code="t">Regia via crucis.</subfield>
      <subfield code="d">Antwerpen : Moretus, 1635</subfield>
    </datafield>
    <datafield tag="776" ind1="0" ind2=" ">
      <subfield code="t">De heyr-baene des cruys, waer-langhs alle soorten van menschen worden ghewesen, ende sekerlijck gheleert, om door de cruycen van alderhande lijden oft teghenspoedt van dese bedroefde tijdelijcke wereldt, ghemackelijck te gheraecken tot de eeuwighe vreught-saligheyt des hemels</subfield>
      <subfield code="w">(NL-LeOCL)422255378</subfield>
    </datafield>
    <datafield tag="936" ind1=" " ind2=" ">
      <subfield code="a">BATCHLOAD</subfield>
    </datafield>
  </record>